Advances in analysis of microstructural features by electron-beam techniques : proceedings of a two-day meeting jointly organized by the Metals Society and the Institute of Physics held at the Royal Society, London, on 14-15 May 1974.

Guardat en:
Dades bibliogràfiques
Autor corporatiu: Metals Society, Institute of Physics (Great Britain)
Format: Llibre
Idioma:English
Publicat: London : Metals Society, 1974.
Matèries:
LEADER 01263nam a2200301 a 4500
001 c000184469
003 CARM
005 19990408000000.0
008 750514s1974 enka b 100 0 eng
010 |a 75312596 //r81 
015 |a GB 75-02825 
019 1 |a 266503  |z 12413464  |5 LACONCORD2021 
020 |a 0904357015  |c £3.60 
035 |a (OCoLC)1365656  |5 LACONCORD2021 
040 |a LC  |b eng  |c LC  |d NUN:M 
050 0 0 |a TN689.2  |b .A33 
082 0 4 |a 530.4/1 
245 0 0 |a Advances in analysis of microstructural features by electron-beam techniques :  |b proceedings of a two-day meeting jointly organized by the Metals Society and the Institute of Physics held at the Royal Society, London, on 14-15 May 1974. 
260 |a London :  |b Metals Society,  |c 1974. 
300 |a [5], 260 p. :  |b ill. ;  |c 25 cm. 
504 |a Includes bibliographical references. 
650 0 |a Electron metallography  |x Congresses. 
650 0 |a Electron beams  |x Congresses. 
710 2 |a Metals Society. 
710 2 |a Institute of Physics (Great Britain) 
852 8 |b CARM  |h A2:AL25G0  |i C06560  |p 0250983  |f BK 
999 f f |i 870c863b-c9b9-500b-979f-76feaa6b48d2  |s 3c8fd4ea-11c5-51e9-b845-7b6f229e34cb 
952 f f |p Can circulate  |a CAVAL  |b CAVAL  |c CAVAL  |d CARM 1 Store  |e C06560  |f A2:AL25G0  |h Other scheme  |i book  |m 0250983